| 000 | 01092cam a2200133 4500500 | ||
|---|---|---|---|
| 005 | 20251214005216.0 | ||
| 041 | _afre | ||
| 042 | _adc | ||
| 100 | 1 | 0 |
_aFerréol, Gilles _eauthor |
| 245 | 0 | 0 | _aGrands domaines et notions clés de la sociologie |
| 260 |
_bArmand Colin,
_c2010. |
||
| 520 | _aCe manuel de base s’ouvre par une présentation générale des objets et méthodes de la sociologie. Puis chacun des grands domaines de celle-ci fait l’objet d’une présentation structurée en trois temps : une synthèse pour expliquer l’essentiel et orienter l’étudiant vers une lecture critique des œuvres ; une bibliographie raisonnée ; des extraits de textes. L’objectif du livre est de présenter à l’étudiant les savoirs qu’il doit maitriser au niveau licence et, d’autre part, de lui suggérer des pistes d’approfondissement et d’enrichissement lui permettant d’aller plus loin et de construire sa progression. | ||
| 856 | 4 | 1 | _uhttps://shs.cairn.info/grands-domaines-et-notions-cles-de-la-sociologie--9782200354602?lang=fr&redirect-ssocas=7080 |
| 999 |
_c1568712 _d1568712 |
||